Kráľovstvo za cash

Ťažko skúšaným európskym bankám dochádzajú peniaze. Opatrenia centrálnych bánk.

Guardado en:
Detalles Bibliográficos
Formato: Capítulo de libro
Lenguaje:eslovaco
Materias:
Etiquetas: Agregar Etiqueta
Sin Etiquetas, Sea el primero en etiquetar este registro!

MARC

LEADER 00000naa a2200000 4500
001 0146049
005 20231113073628.9
041 0 |a slo 
044 |a SK 
245 1 0 |a Kráľovstvo za cash 
520 |a Ťažko skúšaným európskym bankám dochádzajú peniaze. Opatrenia centrálnych bánk. 
610 2 0 |a banky 
610 2 0 |a banky centrálne 
610 2 0 |a Európa